00687nam a2200181 4500001000700000003000900007005001700016007000300033008004100036100005300077245006900130260005800199300002200257710005300279852003200332999001900364952012200383136874ES-MaACL20230906195242.0t|070214s1973 sp r ||||1| spa d1 aSainz de Bujanda, Fernando (d1915-1999)910158010aHacienda y Derecho b: estudios de Derecho Financiero. n, . VI. aMadrid : bInstituto de Estudios Políticos, c1973. a532 p. ; c23 cm.2 aInstituto de Estudios Políticos (Madrid)94924 aES-MaACLjC-53849 bR.86846 c136874d136874 00104070aATENEOMbATENEOMcDEPO2d2008-01-17eSCl0oC-53849p1142443r2023-02-23 00:00:00w2023-02-23yMONOGRAFIA